000 00931nam a2200253Ia 4500
003 OSt
005 20220923220245.0
006 a|||||r|||| 00| 0
007 ta
008 220922b |||||||| |||| 00| 0 hin d
024 _a185,506
037 _cTextual
040 _aARTS
_cARTS
_bhin
041 _2hin
_ahin
082 _aO152,1(Delta25)K:g, M5
100 _aमिश्र, शरदकुमार
245 0 _aसंत दादूदयाल और मध्यकालीन भक्तिकाव्य
246 _aSanta dādūdayāl aur madhyakālīn bhaktikāvya
260 _aदिल्ली
_b प्रमोद कुमार प्रकाशन
_c1985
300 _a198 पृ.
_ccm.
650 _aहिन्दी साहित्य
_9156264
942 _hO152,1(Delta25)K:g, M5
_cTEXL
_2CC
999 _c338752
_d338752